Grandes procesos (Registro nro. 161587)

Detalles MARC
000 -LEADER
fixed length control field 01569nam a22002417a 4500
007 - PHYSICAL DESCRIPTION FIXED FIELD--GENERAL INFORMATION
fixed length control field cr|||| ||||
008 - FIXED-LENGTH DATA ELEMENTS--GENERAL INFORMATION
fixed length control field 120614s2012 cl |||||s|||| 00||0 spa d
035 ## -
-- 6184
040 ## - CATALOGING SOURCE
Original cataloging agency vLex
090 ## -
-- 3180
-- 3180
100 1# - MAIN ENTRY--PERSONAL NAME
Personal name Novoa Monreal, Eduardo
245 10 - TITLE STATEMENT
Title Grandes procesos
Medium [Recurso electrónico] :
Remainder of title Mis alegatos /
Statement of responsibility, etc Eduardo Novoa Monreal
256 ## -
-- Servicio en línea
260 ## - PUBLICATION, DISTRIBUTION, ETC. (IMPRINT)
Place of publication, distribution, etc Santiago de Chile :
Name of publisher, distributor, etc Editorial jurídica de Chile,
Date of publication, distribution, etc 2012
300 ## - PHYSICAL DESCRIPTION
Extent 1 recurso electrónico
500 ## - GENERAL NOTE
General note Contiene el relato ameno de las circunstancias que generaron determinados acontecimientos de relevancia criminal en Chile y los elocuentes alegatos que Novoa Monreal, en su calidad de abogado de una de las partes, pronunció en seis procesos judiciales que en su día alcanzaron fama y notoriedad, los que fueron conocidos y titulados por el autor como: “El complot de Colliguay”; el “Caso de Walther Rauff”; “Un puñetazo fatal”; “Un latifundio enorme y ajeno”; “El contrabando del siglo”, y “El crimen de una esposa acosada”.
506 1# - RESTRICTIONS ON ACCESS NOTE
Terms governing access Contenido solo disponible en los productos indicados
Authorized users vLex Global
-- vLex Global (Academic Edition, excluding Law Schools)
-- vLex Global (U.S. Academic Edition, Law Schools)
-- vLex Global (U.S. Academic Edition, excluding Law Schools)
-- vLex Global (Academic Edition, Law Schools)
650 04 - SUBJECT ADDED ENTRY--TOPICAL TERM
Topical term or geographic name as entry element Alegación (derecho)
Geographic subdivision Chile
740 0# -
-- vLex Libros (Servicio en línea)
856 40 - LOCALIZACIÓN Y ACCESO ELECTRÓNICO
Identificador Uniforme del Recurso (URI/URL) https://app.vlex.com/#/sources/grandes-procesos-mis-alegatos-6184
942 ## -
-- RAA
999 ## -
-- 161587
-- 161587

No hay ítems disponibles.


CONTACTO


NOSOTROS


SITIOS DE INTERES

coordinacion.biblioteca.biblioteca@unienlinea.mx Misión, Visión y Objetivos Bases de datos
Directorio Bibliotecas Digitales y Repositorios
Normatividad Revistas y artículos
Convenios interbibliotecarios
Boletines



Hecho en México. Universidad Insurgentes (UIN). Todos los derechos reservados 2024. Esta página y sus contenidos pueden ser reproducidos con fines no lucrativos, siempre y cuando no se mutile, se cite la fuente completa y su dirección electrónicas. De otra forma requiere permiso previo por escrito de la institución




2024 Copyright Universidad Insurgentes | www.bibliouin.com.mx